[Event "Kandidatklassen"]
[Site "Aarhus"]
[Date "1999.04.04"]
[Round "6"]
[White "Jacobsen, Bo"]
[Black "Bank Friis, Carsten"]
[Result "1-0"]
[WhiteElo "2283"]
[BlackElo "2291"]
[PlyCount "103"]
[EventDate "1999.??.??"]
[EventType "swiss"]
[EventRounds "7"]
[EventCountry "DEN"]
[SourceTitle "EXT 2000"]
[Source "ChessBase"]
[SourceDate "1999.11.16"]

1. g3 d5 2. Nf3 c5 3. Bg2 Nc6 4. O-O e5 5. c4 d4 6. e3 Bd6 7. Re1 Nge7 8. exd4
cxd4 9. b4 f6 10. c5 Bc7 11. Qb3 Qd5 12. Qa4 Qc4 13. a3 Bd7 14. Qd1 Bf5 15. d3
Qxd3 16. Nfd2 Qc2 17. Qf3 a5 18. b5 Nd8 19. a4 Rc8 20. Bf1 Qxc5 21. Bc4 Qb6 22.
Ne4 Bxe4 23. Qxe4 Bd6 24. Bb3 Nf7 25. Na3 Bb4 26. Rd1 Rc3 27. Qb1 Ng5 28. Nc2
Bd6 29. Kg2 Qc7 30. Ne1 b6 31. Rd3 Ne4 32. f3 Rxd3 33. Nxd3 Nc5 34. Nxc5 Bxc5
35. Qe4 g5 36. Bd2 Kf8 37. Re1 Ng6 38. h4 gxh4 39. gxh4 Kg7 40. h5 f5 41. Qd5
Nh4+ 42. Kh3 Rd8 43. Qe6 Qe7 44. Qh6+ Kh8 45. Bg5 Rd6 46. Bxe7 Rxh6 47. Bxh4
Rxh5 48. Rxe5 d3 49. Bf7 d2 50. Rd5 Rh6 51. Rxd2 Bb4 52. Rg2 1-0

[Event "Kandidatklassen"]
[Site "Aarhus"]
[Date "1999.04.03"]
[Round "5"]
[White "Jakobsen, Lars Veno"]
[Black "Rewitz, Poul"]
[Result "1/2-1/2"]
[WhiteElo "2353"]
[BlackElo "2350"]
[PlyCount "139"]
[EventDate "1999.??.??"]
[EventType "swiss"]
[EventRounds "7"]
[EventCountry "DEN"]
[SourceTitle "EXT 2000"]
[Source "ChessBase"]
[SourceDate "1999.11.16"]

1. c4 g6 2. d4 Bg7 3. e4 d6 4. Nc3 Nc6 5. Be3 e5 6. Nge2 exd4 7. Nxd4 Nge7 8.
Be2 O-O 9. h4 h5 10. f3 Ne5 11. Qd2 a6 12. Bh6 Bxh6 13. Qxh6 N7c6 14. Nc2 b5
15. g4 hxg4 16. f4 Nxc4 17. h5 g5 18. fxg5 f6 19. Qg6+ Kh8 20. Qh6+ Kg8 21. g6
Qe7 22. Nd5 Qg7 23. Qxg7+ Kxg7 24. b3 N4e5 25. O-O-O f5 26. exf5 Bxf5 27. Nce3
Be4 28. Nxc7 Bxh1 29. Nxa8 Bf3 30. Bxf3 gxf3 31. Nc7 Rc8 32. Ne6+ Kf6 33. Rxd6
f2 34. Kd2 f1=Q 35. Nd4+ Kg5 36. Ne6+ Kxh5 37. Nxf1 Kxg6 38. Nc5+ Kg5 39. Ne3
Nf3+ 40. Kd1 Ncd4 41. Ne6+ Nxe6 42. Rxe6 a5 43. Ra6 Kf4 44. Nc2 Rh8 45. Rxa5
Ke4 46. Kc1 Rh2 47. Kb1 Nd2+ 48. Kb2 Kd3 49. Nb4+ Kd4 50. Nc2+ Kd3 51. Rxb5
Nc4+ 52. bxc4 Rxc2+ 53. Kb3 Rc3+ 54. Kb4 Rxc4+ 55. Ka5 Rc8 56. Kb4 Rc4+ 57. Kb3
Rc3+ 58. Kb2 Kc4 59. Rb3 Rxb3+ 60. axb3+ Kb4 61. Kc2 Kb5 62. Kc3 Kc5 63. b4+
Kb5 64. Kb3 Kb6 65. Kc4 Kc6 66. b5+ Kb6 67. Kb4 Kb7 68. Kc5 Kc7 69. b6+ Kb7 70.
Kb5 1/2-1/2

[Event "Kandidatklassen"]
[Site "Aarhus"]
[Date "1999.04.05"]
[Round "7"]
[White "Jakobsen, Lars Veno"]
[Black "Larsen, Peter"]
[Result "1-0"]
[WhiteElo "2353"]
[BlackElo "2261"]
[PlyCount "111"]
[EventDate "1999.??.??"]
[EventType "swiss"]
[EventRounds "7"]
[EventCountry "DEN"]
[SourceTitle "EXT 2000"]
[Source "ChessBase"]
[SourceDate "1999.11.16"]

1. d4 d5 2. c4 c6 3. Nf3 Nf6 4. Nc3 e6 5. cxd5 exd5 6. Bg5 Be7 7. e3 Bf5 8. Bd3
Bxd3 9. Bxf6 Bxf6 10. Qxd3 O-O 11. O-O a5 12. Qc2 g6 13. Ne1 Bg7 14. Nd3 Nd7
15. Na4 f5 16. Nac5 Nxc5 17. Qxc5 Re8 18. Rfe1 Bf8 19. Qc2 Bd6 20. a3 g5 21. f3
Qc7 22. g3 f4 23. gxf4 gxf4 24. e4 dxe4 25. fxe4 Bf8 26. Qf2 Rad8 27. Rad1 Qg7+
28. Kh1 Qxd4 29. Qxf4 Bg7 30. Qg4 Kh8 31. Nf4 Qxb2 32. Rxd8 Rxd8 33. Ng6+ hxg6
34. Qh4+ Kg8 35. Qxd8+ Kh7 36. Qh4+ Kg8 37. Qg3 Qc3 38. Qxc3 Bxc3 39. Rc1 Bb2
40. Rb1 Bxa3 41. Rxb7 c5 42. Kg2 Bb4 43. Kf3 c4 44. Ke3 c3 45. Kd3 Kf8 46. h3
Kg8 47. e5 Kf8 48. Rc7 Kg8 49. e6 Kf8 50. Rf7+ Kg8 51. Kc2 Bc5 52. Kxc3 Bb4+
53. Kc4 Ba3 54. Kd5 Bb2 55. Rf2 Bc3 56. Kc6 1-0

[Event "Kandidatklassen"]
[Site "Aarhus"]
[Date "1999.04.01"]
[Round "3"]
[White "Jakobsen, Lars Veno"]
[Black "Nordenbaek, Jan"]
[Result "1-0"]
[WhiteElo "2353"]
[BlackElo "2270"]
[PlyCount "113"]
[EventDate "1999.??.??"]
[EventType "swiss"]
[EventRounds "7"]
[EventCountry "DEN"]
[SourceTitle "EXT 2000"]
[Source "ChessBase"]
[SourceDate "1999.11.16"]

1. d4 Nf6 2. c4 e6 3. Nc3 d5 4. cxd5 exd5 5. Bg5 Be7 6. e3 O-O 7. Bd3 c6 8. Qc2
Nbd7 9. Nge2 Re8 10. O-O Ne4 11. Bxe7 Qxe7 12. Bxe4 dxe4 13. d5 Nf6 14. dxc6
bxc6 15. Rfd1 Ba6 16. Qa4 Bb5 17. Qa5 Ng4 18. Ng3 Bd3 19. Qa4 h5 20. h3 Nxf2
21. Kxf2 Qh4 22. Rxd3 Qf6+ 23. Kg1 exd3 24. Qf4 Qxf4 25. exf4 g6 26. Rd1 Rad8
27. Kf2 Rd4 28. Kf3 f6 29. Nge4 Kf7 30. Rd2 h4 31. Nf2 c5 32. Rxd3 Re1 33. Rxd4
cxd4 34. Nb5 Re3+ 35. Kg4 d3 36. Kxh4 d2 37. Nc3 Ke6 38. Ncd1 Re1 39. Kg3 Kd5
40. Kf3 Kd4 41. g4 g5 42. Kg3 Rg1+ 43. Kh2 Re1 44. h4 gxf4 45. Kg2 Re3 46. h5
f5 47. h6 fxg4 48. Nxe3 fxe3 49. h7 exf2 50. h8=Q+ Kd3 51. Qh7+ Ke2 52. Qe4+
Kd1 53. Kxf2 Kc1 54. Qc4+ Kd1 55. Qxg4+ Kc1 56. Qc4+ Kb1 57. Qd3+ 1-0

[Event "Kandidatklassen"]
[Site "Aarhus"]
[Date "1999.04.01"]
[Round "3"]
[White "Jensen, Bjarke"]
[Black "Pedersen, Steffen"]
[Result "0-1"]
[WhiteElo "2152"]
[BlackElo "2418"]
[PlyCount "132"]
[EventDate "1999.??.??"]
[EventType "swiss"]
[EventRounds "7"]
[EventCountry "DEN"]
[SourceTitle "EXT 2000"]
[Source "ChessBase"]
[SourceDate "1999.11.16"]

1. e4 c5 2. Nf3 d6 3. d4 cxd4 4. Nxd4 Nf6 5. Nc3 e6 6. Bg5 h6 7. Be3 Nc6 8. Be2
Bd7 9. Qd2 Nxd4 10. Bxd4 Bc6 11. f3 Be7 12. Be3 a6 13. O-O b5 14. Rfd1 O-O 15.
Bf1 Qc7 16. Qf2 b4 17. Ne2 d5 18. exd5 Nxd5 19. Bc5 Bb5 20. Bxe7 Qxe7 21. Nd4
Bxf1 22. Rxf1 Rac8 23. a3 a5 24. axb4 axb4 25. Rad1 Rc4 26. Rd2 Rfc8 27. Re1
Qc5 28. g3 Qb6 29. Ree2 Ra8 30. Kg2 Ra2 31. b3 Rc3 32. Re4 Qb7 33. Qe2 Rc5 34.
Qf2 Raa5 35. Ne2 Rc8 36. Nf4 Nf6 37. Re1 Rf5 38. Nd3 Rd5 39. h3 Ra5 40. Qd4 Rd5
41. Qe3 Rcd8 42. Rf2 Ra5 43. Qf4 Nd5 44. Qe4 Qb6 45. Ne5 Ra2 46. Nc4 Qb8 47.
Qe5 Qa7 48. Re4 Nc3 49. Rg4 Qxf2+ 50. Kxf2 Rxc2+ 51. Kf1 Rd1+ 52. Qe1 Rcc1 53.
Qxd1 Rxd1+ 54. Kf2 Rb1 55. Na5 Nd5 56. Rc4 Rb2+ 57. Kg1 Rb1+ 58. Kh2 g5 59.
Rc8+ Kg7 60. Rb8 Rf1 61. Kg2 Ne3+ 62. Kh2 Rf2+ 63. Kg1 Rg2+ 64. Kh1 Rxg3 65.
Kh2 Rxf3 66. Rxb4 h5 0-1

[Event "Kandidatklassen"]
[Site "Aarhus"]
[Date "1999.03.30"]
[Round "1"]
[White "Jensen, Bjarke"]
[Black "Jacobsen, Bo"]
[Result "1-0"]
[WhiteElo "2152"]
[BlackElo "2283"]
[PlyCount "71"]
[EventDate "1999.??.??"]
[EventType "swiss"]
[EventRounds "7"]
[EventCountry "DEN"]
[SourceTitle "EXT 2000"]
[Source "ChessBase"]
[SourceDate "1999.11.16"]

1. e4 g6 2. d4 Bg7 3. Nc3 c6 4. Nf3 b5 5. Bd3 d6 6. h3 Qc7 7. O-O e5 8. dxe5
dxe5 9. Be3 Nd7 10. Ne2 Ngf6 11. a4 b4 12. a5 O-O 13. c3 bxc3 14. Nxc3 Re8 15.
Qc2 Nf8 16. Rfc1 Bd7 17. Na4 Ne6 18. Qc3 Nh5 19. Nc5 Nxc5 20. Bxc5 Nf4 21. Bf1
Ne6 22. Be3 Rab8 23. b4 Rec8 24. Rab1 Qb7 25. Bc4 c5 26. bxc5 Qxe4 27. Rxb8
Rxb8 28. Bxe6 Bxe6 29. c6 Qd5 30. Qd2 a6 31. Qxd5 Bxd5 32. c7 Rc8 33. Rd1 Be6
34. Rd8+ Bf8 35. Bh6 f6 36. Bxf8 1-0

[Event "Kandidatklassen"]
[Site "Aarhus"]
[Date "1999.04.04"]
[Round "6"]
[White "Larsen, Peter"]
[Black "Skytte, Rasmus"]
[Result "0-1"]
[WhiteElo "2261"]
[BlackElo "2277"]
[PlyCount "60"]
[EventDate "1999.??.??"]
[EventType "swiss"]
[EventRounds "7"]
[EventCountry "DEN"]
[SourceTitle "EXT 2000"]
[Source "ChessBase"]
[SourceDate "1999.11.16"]

1. e4 c5 2. Nc3 Nc6 3. g3 g6 4. Bg2 Bg7 5. d3 d6 6. f4 Nf6 7. Nf3 O-O 8. O-O
Rb8 9. h3 b5 10. g4 a5 11. a4 b4 12. Ne2 Ba6 13. f5 c4 14. fxg6 hxg6 15. Ng5
cxd3 16. cxd3 Ne5 17. Qe1 Nh7 18. Nxh7 Kxh7 19. d4 Qb6 20. Be3 Nc4 21. Qh4+ Kg8
22. Bh6 Nxb2 23. Bxg7 Kxg7 24. Qxe7 Bxe2 25. Qf6+ Kg8 26. Rf2 Qa6 27. d5 Nd1
28. Rxd1 Bxd1 29. e5 Qd3 30. Rf5 Qe3+ 0-1

[Event "Kandidatklassen"]
[Site "Aarhus"]
[Date "1999.04.03"]
[Round "5"]
[White "Larsen, Peter"]
[Black "Jacobsen, Bo"]
[Result "1-0"]
[WhiteElo "2261"]
[BlackElo "2283"]
[PlyCount "87"]
[EventDate "1999.??.??"]
[EventType "swiss"]
[EventRounds "7"]
[EventCountry "DEN"]
[SourceTitle "EXT 2000"]
[Source "ChessBase"]
[SourceDate "1999.11.16"]

1. d4 Nf6 2. c4 c5 3. d5 e5 4. dxe6 fxe6 5. Bg5 Be7 6. Nc3 O-O 7. Nf3 Nc6 8. e3
Qb6 9. Rb1 Rd8 10. Qd2 Kh8 11. e4 d6 12. Be2 Bd7 13. O-O Be8 14. a3 a5 15. h3
a4 16. Be3 Bg6 17. Bd3 Nd4 18. Ne1 Qc6 19. f3 d5 20. e5 Nb3 21. exf6 Bxf6 22.
Qc2 Bxd3 23. Nxd3 d4 24. Bf4 dxc3 25. bxc3 e5 26. Be3 b6 27. Nf2 Rd7 28. Qf5 g6
29. Qe4 Qxe4 30. Nxe4 Bg7 31. Bg5 h6 32. Bh4 g5 33. Bg3 Rad8 34. Rfe1 Kg8 35.
Nf2 Rd2 36. Bxe5 Bxe5 37. Rxe5 Ra2 38. Rd5 Re8 39. Ne4 Re7 40. Rd6 Rxa3 41.
Rxb6 Ra7 42. Kh2 Ra8 43. Rb2 Na5 44. Rg6+ 1-0

[Event "Kandidatklassen"]
[Site "Aarhus"]
[Date "1999.04.02"]
[Round "4"]
[White "Matthiesen, Martin"]
[Black "Jensen, Bjarke"]
[Result "1-0"]
[WhiteElo "2278"]
[BlackElo "2152"]
[PlyCount "61"]
[EventDate "1999.??.??"]
[EventType "swiss"]
[EventRounds "7"]
[EventCountry "DEN"]
[SourceTitle "EXT 2000"]
[Source "ChessBase"]
[SourceDate "1999.11.16"]

1. d4 Nf6 2. Nf3 g6 3. c4 Bg7 4. Nc3 O-O 5. e4 d6 6. Be2 e5 7. O-O Nc6 8. d5
Ne7 9. b4 Nh5 10. Re1 Nf4 11. Bf1 h6 12. Nd2 f5 13. g3 Nh5 14. exf5 Nxf5 15.
Nde4 Nf6 16. Bg2 a5 17. Ba3 axb4 18. Bxb4 b6 19. a4 Ba6 20. Nxf6+ Bxf6 21. Qd3
Kg7 22. Ne4 Qe7 23. f4 Rae8 24. Nxf6 Qxf6 25. fxe5 dxe5 26. Bxf8+ Rxf8 27. a5
bxa5 28. Kh1 Nd6 29. Rxa5 Bxc4 30. Qc3 Re8 31. Rc5 1-0

[Event "Kandidatklassen"]
[Site "Aarhus"]
[Date "1999.04.03"]
[Round "5"]
[White "Matthiesen, Martin"]
[Black "Pedersen, Steffen"]
[Result "0-1"]
[WhiteElo "2278"]
[BlackElo "2418"]
[PlyCount "88"]
[EventDate "1999.??.??"]
[EventType "swiss"]
[EventRounds "7"]
[EventCountry "DEN"]
[SourceTitle "EXT 2000"]
[Source "ChessBase"]
[SourceDate "1999.11.16"]

1. d4 d5 2. c4 c6 3. Nf3 Nf6 4. e3 a6 5. Nc3 b5 6. b3 Bg4 7. Be2 e6 8. O-O Nbd7
9. Bb2 Be7 10. Ne5 Bxe2 11. Nxe2 Nxe5 12. dxe5 Nd7 13. Nd4 Rc8 14. cxd5 cxd5
15. Qe2 Qb6 16. e4 dxe4 17. Qxe4 O-O 18. Rfd1 Rc7 19. Rac1 Rfc8 20. Rxc7 Qxc7
21. Kf1 Nb6 22. Rc1 Qxc1+ 23. Bxc1 Rxc1+ 24. Ke2 Nd5 25. Kf3 Rc3+ 26. Ke2 Rxb3
27. axb3 Nc3+ 28. Kd3 Nxe4 29. Kxe4 Kf8 30. Nc6 Ke8 31. Kd4 Bf8 32. Kc3 Bc5 33.
f3 Bf2 34. Kd3 Bg1 35. h3 Bb6 36. b4 Kd7 37. Nb8+ Kc7 38. Nxa6+ Kb7 39. Nc5+
Bxc5 40. bxc5 Kc6 41. Kd4 g5 42. g3 h5 43. h4 gxh4 44. gxh4 b4 0-1

[Event "Kandidatklassen"]
[Site "Aarhus"]
[Date "1999.04.01"]
[Round "3"]
[White "Matthiesen, Martin"]
[Black "Borbjerggaard, Lars"]
[Result "1-0"]
[WhiteElo "2278"]
[BlackElo "2357"]
[PlyCount "65"]
[EventDate "1999.??.??"]
[EventType "swiss"]
[EventRounds "7"]
[EventCountry "DEN"]
[SourceTitle "EXT 2000"]
[Source "ChessBase"]
[SourceDate "1999.11.16"]

1. f4 d5 2. Nf3 g6 3. g3 Bg7 4. Bg2 h5 5. d3 Nh6 6. O-O d4 7. c3 c5 8. e4 dxe3
9. Bxe3 Qc7 10. Na3 Nf5 11. Bf2 h4 12. Qe2 hxg3 13. hxg3 Nd7 14. d4 a6 15. Rfe1
Nf6 16. Ne5 Be6 17. dxc5 Nh5 18. Rad1 Nhxg3 19. Qf3 Nh5 20. Qxb7 Qxb7 21. Bxb7
O-O 22. Nxg6 fxg6 23. Bxa8 Nxf4 24. Rxe6 Rxa8 25. Re4 Nh3+ 26. Kg2 Nxf2 27.
Kxf2 Rc8 28. Rc4 Bh6 29. Nc2 Rf8 30. Kg2 Bg5 31. c6 Nh4+ 32. Kh1 Rf2 33. Rxh4
1-0

[Event "Kandidatklassen"]
[Site "Aarhus"]
[Date "1999.03.30"]
[Round "1"]
[White "Nordenbaek, Jan"]
[Black "Holmsgaard, Henrik"]
[Result "1/2-1/2"]
[WhiteElo "2270"]
[BlackElo "2317"]
[PlyCount "39"]
[EventDate "1999.??.??"]
[EventType "swiss"]
[EventRounds "7"]
[EventCountry "DEN"]
[SourceTitle "EXT 2000"]
[Source "ChessBase"]
[SourceDate "1999.11.16"]

1. e4 c5 2. Nf3 Nc6 3. d4 cxd4 4. Nxd4 Nf6 5. Nc3 e5 6. Ndb5 d6 7. Bg5 a6 8.
Na3 b5 9. Bxf6 gxf6 10. Nd5 f5 11. c3 Bg7 12. exf5 Bxf5 13. Nc2 Be6 14. Nce3
O-O 15. g3 Rb8 16. Qh5 f5 17. Bh3 Qd7 18. O-O Rf7 19. f4 Rbf8 20. Bg2 1/2-1/2

[Event "Kandidatklassen"]
[Site "Aarhus"]
[Date "1999.03.31"]
[Round "2"]
[White "Nordenbaek, Jan"]
[Black "Pedersen, Jan"]
[Result "1/2-1/2"]
[WhiteElo "2270"]
[BlackElo "2335"]
[PlyCount "37"]
[EventDate "1999.??.??"]
[EventType "swiss"]
[EventRounds "7"]
[EventCountry "DEN"]
[SourceTitle "EXT 2000"]
[Source "ChessBase"]
[SourceDate "1999.11.16"]

1. e4 e6 2. d4 d5 3. e5 a6 4. c3 Bd7 5. a4 c5 6. dxc5 Nc6 7. Nf3 Bxc5 8. Bd3
Nge7 9. O-O Ng6 10. Qe2 Qb8 11. Re1 Bb6 12. g3 Bc7 13. Bf4 Nxf4 14. gxf4 Ne7
15. Nbd2 Bb6 16. Ng5 g6 17. f5 h6 18. fxe6 fxe6 19. Nh3 1/2-1/2

[Event "Kandidatklassen"]
[Site "Aarhus"]
[Date "1999.04.02"]
[Round "4"]
[White "Nordenbaek, Jan"]
[Black "Bromann, Thorbjorn"]
[Result "1/2-1/2"]
[WhiteElo "2270"]
[BlackElo "2242"]
[PlyCount "20"]
[EventDate "1999.??.??"]
[EventType "swiss"]
[EventRounds "7"]
[EventCountry "DEN"]
[SourceTitle "EXT 2000"]
[Source "ChessBase"]
[SourceDate "1999.11.16"]

1. e4 e6 2. d4 d5 3. e5 c5 4. Qg4 cxd4 5. Nf3 Nc6 6. Bd3 Bd7 7. O-O h5 8. Qg3
h4 9. Qf4 g6 10. Nxd4 Bh6 1/2-1/2

[Event "Kandidatklassen"]
[Site "Aarhus"]
[Date "1999.04.04"]
[Round "6"]
[White "Nordenbaek, Jan"]
[Black "Palo, Davor"]
[Result "1/2-1/2"]
[WhiteElo "2270"]
[BlackElo "2065"]
[PlyCount "31"]
[EventDate "1999.??.??"]
[EventType "swiss"]
[EventRounds "7"]
[EventCountry "DEN"]
[SourceTitle "EXT 2000"]
[Source "ChessBase"]
[SourceDate "1999.11.16"]

1. e4 c5 2. Nf3 Nc6 3. d4 cxd4 4. Nxd4 g6 5. c4 Bg7 6. Be3 Nf6 7. Nc3 O-O 8.
Be2 d6 9. O-O Bd7 10. Qd2 Nxd4 11. Bxd4 Bc6 12. f3 a5 13. b3 Nd7 14. Be3 Nc5
15. Rac1 Be5 16. Rf2 1/2-1/2

[Event "Kandidatklassen"]
[Site "Aarhus"]
[Date "1999.03.31"]
[Round "2"]
[White "Palo, Davor"]
[Black "Pedersen, Daniel Vesterbaek"]
[Result "1/2-1/2"]
[WhiteElo "2065"]
[BlackElo "2299"]
[PlyCount "198"]
[EventDate "1999.??.??"]
[EventType "swiss"]
[EventRounds "7"]
[EventCountry "DEN"]
[SourceTitle "EXT 2000"]
[Source "ChessBase"]
[SourceDate "1999.11.16"]

1. e4 e5 2. Nf3 Nc6 3. Bb5 a6 4. Ba4 Nf6 5. O-O Be7 6. Re1 b5 7. Bb3 O-O 8. a4
Bb7 9. c3 d5 10. exd5 Nxd5 11. d4 exd4 12. cxd4 Bf6 13. axb5 axb5 14. Rxa8 Bxa8
15. Nc3 Nxc3 16. bxc3 Na5 17. Bc2 Nc4 18. Qd3 g6 19. Nd2 Qd5 20. f3 Nxd2 21.
Bxd2 Rd8 22. Rb1 Bc6 23. Bf4 Qd7 24. Rd1 Bd5 25. Be5 Bc4 26. Qe3 Re8 27. Bd3
Bxd3 28. Rxd3 Qd5 29. f4 Bd8 30. f5 Bf6 31. Qg3 Bxe5 32. dxe5 Qxe5 33. Qxe5
Rxe5 34. f6 Re8 35. Rd7 h5 36. Rxc7 Re1+ 37. Kf2 Re6 38. Rc5 Rxf6+ 39. Ke3 Rb6
40. c4 bxc4 41. Rxc4 Kg7 42. h4 Kf6 43. Kf4 Ke6 44. Ra4 Kd6 45. g3 Rb1 46. Ke3
Rb3+ 47. Kf4 Rb1 48. Ke3 Rf1 49. Ke2 Rc1 50. Ra7 Rc3 51. Kf2 Ke6 52. Kg2 Rc5
53. Kf3 Rd5 54. Ke3 Rc5 55. Kf3 Rb5 56. Ke3 f6 57. Ke4 Rb4+ 58. Kf3 Rb5 59. Ke4
Re5+ 60. Kf3 Kf5 61. Ra4 g5 62. hxg5 fxg5 63. Rb4 Ra5 64. Rb8 Ra3+ 65. Kg2 Ra2+
66. Kf3 Ra3+ 67. Kg2 Re3 68. Kf2 Re5 69. Kf3 g4+ 70. Kf2 Ke4 71. Ra8 Rc5 72.
Re8+ Kd4 73. Rd8+ Rd5 74. Ra8 Kd3 75. Ra3+ Ke4 76. Re3+ Kd4 77. Re8 Kd3 78. Kg2
Kd4 79. Kf2 Rf5+ 80. Kg2 Re5 81. Rd8+ Ke3 82. Ra8 Rd5 83. Re8+ Kd3 84. Ra8 Kd2
85. Ra2+ Ke3 86. Ra3+ Rd3 87. Ra5 Rd2+ 88. Kg1 Rd1+ 89. Kg2 Rd2+ 90. Kg1 Kf3
91. Ra3+ Ke4 92. Ra5 Rd3 93. Kg2 Rd2+ 94. Kg1 Ke3 95. Ra8 Rd1+ 96. Kg2 Rd2+ 97.
Kg1 Rd1+ 98. Kg2 Rd2+ 99. Kg1 Rd1+ 1/2-1/2

[Event "Kandidatklassen"]
[Site "Aarhus"]
[Date "1999.04.02"]
[Round "4"]
[White "Palo, Davor"]
[Black "Skytte, Rasmus"]
[Result "0-1"]
[WhiteElo "2065"]
[BlackElo "2277"]
[PlyCount "86"]
[EventDate "1999.??.??"]
[EventType "swiss"]
[EventRounds "7"]
[EventCountry "DEN"]
[SourceTitle "EXT 2000"]
[Source "ChessBase"]
[SourceDate "1999.11.16"]

1. d4 Nf6 2. Nf3 e6 3. c4 Bb4+ 4. Bd2 Qe7 5. a3 Bxd2+ 6. Nbxd2 d6 7. e4 e5 8.
d5 O-O 9. Be2 a5 10. b3 Nh5 11. g3 Bh3 12. Bf1 Bxf1 13. Nxf1 g6 14. Ne3 Nd7 15.
O-O Ng7 16. Nd2 f5 17. Ng2 f4 18. g4 h5 19. h3 Kf7 20. h4 hxg4 21. Qxg4 Nf6 22.
Qe2 Rh8 23. Nf3 Raf8 24. b4 Nh7 25. c5 g5 26. cxd6 cxd6 27. hxg5 Nxg5 28. Rfc1
Kg8 29. Nxg5 Qxg5 30. Qf3 Qh6 31. Kf1 Qh3 32. Ke2 Qxf3+ 33. Kxf3 Rh3+ 34. Kg4
Rh2 35. Kf3 axb4 36. axb4 Rh3+ 37. Kg4 Rb3 38. f3 Rxb4 39. Nh4 Kf7 40. Rc7+ Kf6
41. Ra7 Rg8 42. Kh3 Rb1 43. Ra2 Ne8 0-1

[Event "Kandidatklassen"]
[Site "Aarhus"]
[Date "1999.04.05"]
[Round "7"]
[White "Palo, Davor"]
[Black "Pedersen, Finn"]
[Result "1-0"]
[WhiteElo "2065"]
[BlackElo "2295"]
[PlyCount "101"]
[EventDate "1999.??.??"]
[EventType "swiss"]
[EventRounds "7"]
[EventCountry "DEN"]
[SourceTitle "EXT 2000"]
[Source "ChessBase"]
[SourceDate "1999.11.16"]

1. e4 c6 2. d4 d5 3. exd5 cxd5 4. Bd3 Nc6 5. c3 Qc7 6. Ne2 Bg4 7. f3 Bh5 8. Bf4
Qd7 9. Nd2 e6 10. O-O Bg6 11. Nb3 b6 12. a4 a6 13. Nbc1 Bd6 14. Bxd6 Qxd6 15.
Qd2 Nge7 16. Qf4 Qxf4 17. Nxf4 Bxd3 18. Ncxd3 Nf5 19. Rfe1 Kd7 20. Ne5+ Nxe5
21. Rxe5 Nd6 22. Re2 Rhc8 23. a5 bxa5 24. Rxa5 Nc4 25. Ra1 a5 26. Nd3 Kc6 27.
b3 Nd6 28. Rea2 Nb5 29. Rc1 Ra7 30. c4 Nd6 31. Ne5+ Kb7 32. c5 f6 33. Nd3 Nb5
34. Ra4 g5 35. f4 gxf4 36. Nxf4 Ra6 37. h3 Re8 38. Kf2 Kc6 39. Nd3 Ra7 40. Rca1
Rea8 41. Rc1 Rb8 42. Ke3 Rg8 43. g4 h5 44. Rf1 Nc3 45. Rxf6 Nxa4 46. bxa4 Re7
47. Kf4 hxg4 48. hxg4 Rh8 49. Ne5+ Kc7 50. Ng6 Rh6 51. g5 1-0

[Event "Kandidatklassen"]
[Site "Aarhus"]
[Date "1999.04.02"]
[Round "4"]
[White "Pedersen, Daniel Vesterbaek"]
[Black "Jakobsen, Lars Veno"]
[Result "1-0"]
[WhiteElo "2299"]
[BlackElo "2353"]
[PlyCount "81"]
[EventDate "1999.??.??"]
[EventType "swiss"]
[EventRounds "7"]
[EventCountry "DEN"]
[SourceTitle "EXT 2000"]
[Source "ChessBase"]
[SourceDate "1999.11.16"]

1. d4 Nf6 2. c4 e6 3. Nc3 Bb4 4. Qc2 c5 5. dxc5 Na6 6. a3 Bxc3+ 7. Qxc3 Nxc5 8.
b4 Nce4 9. Qb2 Nd6 10. c5 Nf5 11. g4 Nxg4 12. e4 O-O 13. exf5 exf5 14. Bf4 Re8+
15. Ne2 Qh4 16. Bg3 Qh6 17. Qd2 Qf6 18. Rd1 g5 19. h3 Ne5 20. Bxe5 Rxe5 21. Bg2
f4 22. Qd6 Re6 23. Qd5 Re5 24. Qd6 Re6 25. Qd5 Re5 26. Qf3 d5 27. Rxd5 Re7 28.
O-O Bf5 29. Nc3 Rae8 30. Rd6 Re6 31. Ne4 Qg6 32. Rxe6 Rxe6 33. Nd6 Bd3 34. Rc1
Re7 35. Bf1 Bf5 36. Nxf5 Qxf5 37. Rd1 Qf6 38. Qh5 h6 39. Rd6 Re6 40. Rxe6 Qxe6
41. Qf3 1-0

[Event "Kandidatklassen"]
[Site "Aarhus"]
[Date "1999.04.04"]
[Round "6"]
[White "Pedersen, Daniel Vesterbaek"]
[Black "Pedersen, Steffen"]
[Result "1/2-1/2"]
[WhiteElo "2299"]
[BlackElo "2418"]
[PlyCount "27"]
[EventDate "1999.??.??"]
[EventType "swiss"]
[EventRounds "7"]
[EventCountry "DEN"]
[SourceTitle "EXT 2000"]
[Source "ChessBase"]
[SourceDate "1999.11.16"]

1. e4 e5 2. Nf3 Nc6 3. Nc3 Nf6 4. g3 d5 5. exd5 Nxd5 6. Bg2 Nxc3 7. bxc3 Bd6 8.
O-O O-O 9. Rb1 Rb8 10. Re1 Bg4 11. h3 Bh5 12. g4 Bg6 13. d3 Qd7 14. Nh4 1/2-1/2

[Event "Kandidatklassen"]
[Site "Aarhus"]
[Date "1999.03.30"]
[Round "1"]
[White "Pedersen, Finn"]
[Black "Rewitz, Poul"]
[Result "0-1"]
[WhiteElo "2295"]
[BlackElo "2350"]
[PlyCount "42"]
[EventDate "1999.??.??"]
[EventType "swiss"]
[EventRounds "7"]
[EventCountry "DEN"]
[SourceTitle "EXT 2000"]
[Source "ChessBase"]
[SourceDate "1999.11.16"]

1. c4 g6 2. g3 Bg7 3. Bg2 Nc6 4. Nc3 d6 5. e3 Bxc3 6. bxc3 e5 7. d4 f5 8. Bb2
e4 9. c5 dxc5 10. dxc5 Qxd1+ 11. Rxd1 Nf6 12. Ne2 Be6 13. c4 O-O 14. Rc1 Nd7
15. Nd4 Nxc5 16. Nxe6 Nxe6 17. c5 Nb4 18. Bf1 Rfd8 19. Rc3 Kf7 20. f3 exf3 21.
Rb3 Nc2+ 0-1

[Event "Kandidatklassen"]
[Site "Aarhus"]
[Date "1999.04.03"]
[Round "5"]
[White "Pedersen, Finn"]
[Black "Pedersen, Nicolai Vesterbaek"]
[Result "0-1"]
[WhiteElo "2295"]
[BlackElo "2366"]
[PlyCount "128"]
[EventDate "1999.??.??"]
[EventType "swiss"]
[EventRounds "7"]
[EventCountry "DEN"]
[SourceTitle "EXT 2000"]
[Source "ChessBase"]
[SourceDate "1999.11.16"]

1. d4 Nf6 2. c4 e6 3. Nf3 d5 4. e3 c6 5. Nbd2 Nbd7 6. Bd3 Bd6 7. b3 e5 8. cxd5
cxd5 9. dxe5 Nxe5 10. Bb5+ Ned7 11. Bb2 O-O 12. O-O Nc5 13. Re1 Nce4 14. Bd3
Re8 15. Qc2 Bf5 16. Rad1 Rc8 17. Qb1 Qe7 18. Nf1 Bg4 19. Rc1 Rcd8 20. Bd4 a6
21. N3d2 Bb4 22. Bxe4 Nxe4 23. Qd3 Bf5 24. Qe2 Rc8 25. Rxc8 Rxc8 26. Nxe4 Qxe4
27. Rd1 Rc2 28. Qh5 Qg4 29. Qxg4 Bxg4 30. f3 Bf5 31. e4 Bg6 32. Ne3 Rxa2 33.
Rc1 h5 34. Nxd5 Bd6 35. Rc8+ Kh7 36. Rd8 Ba3 37. Rd7 b5 38. b4 h4 39. Ra7 h3
40. gxh3 Bh5 41. f4 Bb2 42. Bxb2 Rxb2 43. Rxa6 Bf3 44. Rb6 Bxe4 45. Rxb5 Rg2+
46. Kf1 Rb2 47. Ke1 Bxd5 48. Rxd5 Rxb4 49. Rh5+ Kg6 50. Rg5+ Kf6 51. Rg4 Rb2
52. Kf1 Rxh2 53. Rh4 g6 54. Rh7 Rd2 55. Kg1 Ra2 56. h4 Ra5 57. Kf2 Rh5 58. Rxh5
gxh5 59. Kg3 Kf5 60. Kf3 f6 61. Ke3 Kg4 62. Ke4 Kxh4 63. Kf5 Kg3 64. Kxf6 Kxf4
0-1

[Event "Kandidatklassen"]
[Site "Aarhus"]
[Date "1999.04.01"]
[Round "3"]
[White "Pedersen, Finn"]
[Black "Jacobsen, Bo"]
[Result "0-1"]
[WhiteElo "2295"]
[BlackElo "2283"]
[PlyCount "80"]
[EventDate "1999.??.??"]
[EventType "swiss"]
[EventRounds "7"]
[EventCountry "DEN"]
[SourceTitle "EXT 2000"]
[Source "ChessBase"]
[SourceDate "1999.11.16"]

1. d4 d6 2. c4 e5 3. dxe5 dxe5 4. Qxd8+ Kxd8 5. Nc3 Be6 6. e4 Nd7 7. Nf3 h6 8.
Be2 a5 9. O-O c6 10. Be3 Ngf6 11. Rfd1 Kc7 12. Rac1 Bg4 13. Na4 Be7 14. h3 Bxf3
15. Bxf3 b6 16. c5 b5 17. Nc3 Rhd8 18. a4 b4 19. Nb1 Nf8 20. Rxd8 Rxd8 21. Nd2
N6d7 22. Nb3 Ne6 23. Bg4 Nd4 24. Bxd4 exd4 25. Bxd7 Rxd7 26. Kf1 d3 27. Ke1 h5
28. Kd1 Bf6 29. Rb1 h4 30. f3 Bg5 31. Nxa5 f5 32. e5 Rd5 33. Nc4 b3 34. f4 Bxf4
35. e6 Rxc5 36. e7 Kd7 37. Nd2 Rc2 38. Nxb3 Rxg2 39. Nc5+ Kxe7 40. Nxd3 Rd2+
0-1